Herci bábkového divadla majú za sebou rušnú sezónu

Bibliographic Details
Format: Article
Language:Slovak
PhysicalDescription:Fotogr.
ISSN:1335-4566
Subjects:
Online Access:www.korzar.sk

MARC

LEADER 00000nab a2200000 a 4500
001 vtls009008546
003 SK-MaSNL
005 20260303194647.0
008 070720c20070720xo drz 0 0slo
038 |a KEVKJB 
040 |a KEVKJB  |b slo  |c KEVKJB  |e AACR2 
041 0 |a slo 
044 |a xo  |c SK 
080 |a 792.97  |2 2001 
245 0 0 |a Herci bábkového divadla majú za sebou rušnú sezónu  |c [autor] (nit) 
300 |b Fotogr. 
610 2 7 |a Bábkové divadlo v Košiciach  |2 kevkjb  |9 29577 
651 7 |a Košice (Slovensko)  |2 kevkjb  |9 18694 
773 0 |t Košický denník Korzár  |g Roč. X, č. 166 (20.7.2007), s. 4  |x 1335-4566 
852 |a KEVKJB  |b KIS3GCP 
856 4 1 |u www.korzar.sk 
999 |c 2158751  |d 2160681